000 00640 a2200193 4500
020 _a0716735687
020 _a9780716735687
082 0 4 _a537
090 _c588
_d588
100 1 _aLorrain, Paul.
245 1 0 _aFundamentals of electromagnetic phenomena /
_cPaul Lorrain, Dale R. Corson, Francois Lorrain.
250 _a2nd Pr 2001 ed.
260 _a[S.l.] :
_bW. H. Freeman,
_c2000.
300 _a600 p. ;
_c24 cm.
700 1 _aCorson, Dale R.
700 1 _aLorrain, Francois.
942 _aSNS
_cBK
_k537 LOR
999 _c29218
_d29218